000 00296nam a22001217a 4500
008 181210b xxu||||| |||| 00| 0 eng d
041 _aeng
080 _a510
100 _a39
101 _amat
245 _aA Course Ordinary And Partial Differential Equations
_cZalman.R
942 _2udc
_cBK
999 _c53102
_d53102